LEADER 02269nam 2200577 450 001 9910460148403321 005 20200520144314.0 010 $a0-309-29867-9 035 $a(CKB)3710000000260806 035 $a(EBL)3439937 035 $a(SSID)ssj0001399040 035 $a(PQKBManifestationID)11729894 035 $a(PQKBTitleCode)TC0001399040 035 $a(PQKBWorkID)11450305 035 $a(PQKB)10532762 035 $a(MiAaPQ)EBC3439937 035 $a(Au-PeEL)EBL3439937 035 $a(CaPaEBR)ebr11093444 035 $a(OCoLC)880503095 035 $a(EXLCZ)993710000000260806 100 $a20150904h20142014 uy 0 101 0 $aeng 135 $aur|n|---||||| 181 $ctxt 182 $cc 183 $acr 200 00$aReview of Department of Defense test protocols for combat helmets /$fCommittee on Review of Test Protocols Used by the DoD to Test Combat Helmets, Board on Army Science and Technology, Division on Engineering and Physical Sciences 210 1$aWashington, District of Columbia :$cThe National Academies Press,$d2014. 210 4$d©2014 215 $a1 online resource (158 p.) 300 $aDescription based upon print version of record. 311 $a0-309-29866-0 320 $aIncludes bibliographical references at the end of each chapters. 606 $aHelmets$xMaterials$xResearch$zUnited States$y21st century 606 $aBody armor$xMaterials$xResearch$zUnited States$y21st century 606 $aCombat survivability (Military engineering) 608 $aElectronic books. 615 0$aHelmets$xMaterials$xResearch 615 0$aBody armor$xMaterials$xResearch 615 0$aCombat survivability (Military engineering) 676 $a623.441 712 02$aNational Research Council (U.S.).$bCommittee on Review of Test Protocols Used by the DoD to Test Combat Helmets. 712 02$aNational Research Council (U.S.).$bBoard on Army Science and Technology. 712 02$aNational Research Council (U.S.).$bDivision on Engineering and Physical Sciences. 801 0$bMiAaPQ 801 1$bMiAaPQ 801 2$bMiAaPQ 906 $aBOOK 912 $a9910460148403321 996 $aReview of Department of Defense test protocols for combat helmets$91992440 997 $aUNINA LEADER 01048nam a2200289 i 4500 001 991001139089707536 005 20020507111813.0 008 990914s1998 ||| ||| | eng 020 $a9810233558 035 $ab10179148-39ule_inst 035 $aLE00642799$9ExL 040 $aDip.to Fisica$bita 084 $a53.1.4 084 $a512'.55 084 $aQC174.17.P27 100 1 $aTomé, Wolfgang$0463218 245 10$aPath integrals on group manifolds :$bthe representation independent propagator for general Lie groups /$cWolfgang Tomé 260 $aSingapore :$bWorld Scientific,$cc1998 300 $axviii, 213 p. ;$c23 cm. 500 $aIncludes bibliographical references and index. 650 4$aLie groups 907 $a.b10179148$b02-04-14$c27-06-02 912 $a991001139089707536 945 $aLE006 53.1.4 TOM$g1$i2006000079686$lle006$o-$pE0.00$q-$rl$s- $t0$u0$v0$w0$x0$y.i10219821$z27-06-02 996 $aPath integrals on group manifolds$9189105 997 $aUNISALENTO 998 $ale006$b01-01-99$cm$da $e-$feng$gxx $h0$i1